Welcome to CU Library Online Public Access Catalogue (OPAC)

The youth worker's guide to helping teenagers in crisis / (Record no. 6096)

MARC details
000 -LEADER
fixed length control field 01142cam a22003134a 4500
001 - CONTROL NUMBER
control field 13936876
005 - DATE AND TIME OF LATEST TRANSACTION
control field 20250531115153.0
008 - FIXED-LENGTH DATA ELEMENTS--GENERAL INFORMATION
fixed length control field 050420s2005 miu b 000 0 eng
020 ## - INTERNATIONAL STANDARD BOOK NUMBER
International Standard Book Number 0310263131
020 ## - INTERNATIONAL STANDARD BOOK NUMBER
International Standard Book Number 9780310263135
020 ## - INTERNATIONAL STANDARD BOOK NUMBER
International Standard Book Number 9780310282495
020 ## - INTERNATIONAL STANDARD BOOK NUMBER
Canceled/invalid ISBN 9780310669975
050 00 - LIBRARY OF CONGRESS CALL NUMBER
Classification number BV4446
Item number .V365 2005
082 00 - DEWEY DECIMAL CLASSIFICATION NUMBER
Classification number 259/.23
Edition information 22
100 1# - MAIN ENTRY--PERSONAL NAME
Personal name Van Pelt, Rich.
245 14 - TITLE STATEMENT
Title The youth worker's guide to helping teenagers in crisis /
Statement of responsibility, etc. Rich Van Pelt and Jim Hancock.
260 ## - PUBLICATION, DISTRIBUTION, ETC.
Place of publication, distribution, etc. Grand Rapids, Mich. :
Name of publisher, distributor, etc. Zondervan,
Date of publication, distribution, etc. c2005.
300 ## - PHYSICAL DESCRIPTION
Extent 291 p. ;
Dimensions 24 cm.
500 ## - GENERAL NOTE
General note "Youth Specialties."
650 #0 - SUBJECT ADDED ENTRY--TOPICAL TERM
Topical term or geographic name entry element Church work with young adults.
650 #0 - SUBJECT ADDED ENTRY--TOPICAL TERM
Topical term or geographic name entry element Church work with youth.
650 #0 - SUBJECT ADDED ENTRY--TOPICAL TERM
Topical term or geographic name entry element Pastoral counseling.
650 #0 - SUBJECT ADDED ENTRY--TOPICAL TERM
Topical term or geographic name entry element Crisis intervention (Mental health services)
700 1# - ADDED ENTRY--PERSONAL NAME
Personal name Hancock, Jim,
Dates associated with a name 1952-
856 41 - ELECTRONIC LOCATION AND ACCESS
Materials specified Table of contents only
Uniform Resource Identifier <a href="http://www.loc.gov/catdir/toc/ecip0512/2005011502.html">http://www.loc.gov/catdir/toc/ecip0512/2005011502.html</a>
856 42 - ELECTRONIC LOCATION AND ACCESS
Materials specified Publisher description
Uniform Resource Identifier <a href="http://www.loc.gov/catdir/enhancements/fy0659/2005011502-d.html">http://www.loc.gov/catdir/enhancements/fy0659/2005011502-d.html</a>
856 41 - ELECTRONIC LOCATION AND ACCESS
Materials specified Sample text
Uniform Resource Identifier <a href="http://www.loc.gov/catdir/enhancements/fy0642/2005011502-s.html">http://www.loc.gov/catdir/enhancements/fy0642/2005011502-s.html</a>
942 ## - ADDED ENTRY ELEMENTS (KOHA)
Source of classification or shelving scheme Library of Congress Classification
Koha item type Books
Suppress in OPAC No
999 ## -
-- 6096
-- 6096
Holdings
Withdrawn status Lost status Source of classification or shelving scheme Damaged status Not for loan Collection Home library Current library Shelving location Date acquired Total checkouts Full call number Barcode Date last seen Copy number Price effective from Koha item type
    Library of Congress Classification     Non-fiction Undergraduate Library (Christ Temple) Undergraduate Library (Christ Temple) General stacks 05/31/2025   BV4446.V365 VAN ulct00002791 05/31/2025 1 05/31/2025 Books
© 2023-2024 Copyright: Central University Libraries. All Rights Reserved | Created by: Mahone Tech Office